Представление документа в формате MARC21

Поле Инд. ПП Название Значение
Тип записи a
Библиографический уровень m
001 Контрольный номер 1c45c941-2172-4f6c-a9a3-e9f4af0af401
005 Дата корректировки 20131112065914.3
008 Кодируемые данные 000922 d
020 c Цена, тираж 27.00
040 a Служба первич. каталог. НБ ТвГУ
041 a Код языка текста rus
080 a Индекс УДК 537.8:530.145(075.8)
084 a Индекс другой классификации/Индекс ББК В315.7я731-1
090 x Авторский знак Г82
a Полочн. индекс В315.7
100 1_ a Автор Грибов Владимир Наумович
245 00 a Заглавие Квантовая электродинамика
b Продолж. заглавия Учеб. пособие
c Ответственность В. Н. Грибов; Новосиб. гос. ун-т
c Ответственность Новосиб. гос. ун-т
260 0_ a Место издания Новосибирск
b Издательство Изд-во Новосиб. ун-та
c Дата издания 2000
300 a Объем 290 с.
b Иллюстрации/ тип воспроизводства ил., факс.
440 a Серия Физика в НГУ
583 a Действие Получение впервые 264 18.09.2000
k Исполнитель действия Обмен
650 a Основная рубрика Электродинамика квантовая
650 a Основная рубрика Квантовая теория поля
x Основная подрубрика Учебники для вузов
653 a Ключевые слова Электродинамика
a Ключевые слова Квантовая электродинамика
852 t Порядковый номер экземпляра 1
p Инвентарный номер 724980
888 a Бесплатные
930 a Новая/Ретро учебники
952 p 264.2000 27.00 1 724980
c Вид литературы К ру
954 a Дата поступления на обработку 20000921
999 a Подразделение 2 Фил3